| 000 | 00978nam a22003617a 4500 | ||
|---|---|---|---|
| 005 | 20211123170419.0 | ||
| 008 | 170419b xxu||||| |||| 00| 0 spa d | ||
| 020 | _a9788490214220 | ||
| 041 | _aspa | ||
| 082 | _a651.3 T255te | ||
| 110 |
_aICB _942273 |
||
| 245 | _aTécnicas administrativas de oficina | ||
| 260 | _aEspaña | ||
| 260 | _bICB | ||
| 260 | _c2016 | ||
| 300 | _a614 páginas | ||
| 505 | _aContiene disco compacto N° 771 | ||
| 650 |
_aSECRETARIA EJECUTIVA _92313 |
||
| 650 |
_aOFICINAS _92987 |
||
| 650 |
_aADMINISTRACIÓN DE EMPRESAS _9521 |
||
| 650 |
_aCOMUNICACIÓN ORAL _9362 |
||
| 650 |
_aCOMUNICACIÓN ESCRITA _9353 |
||
| 650 |
_aTELÉFONOS _95272 |
||
| 650 |
_aREDES SOCIALES _9516 |
||
| 650 |
_aDOCUMENTOS _92577 |
||
| 650 |
_aOPERACIONES COMERCIALES _94412 |
||
| 650 |
_aCONTABILIDAD _92655 |
||
| 650 |
_aIMPUESTOS _9704 |
||
| 650 |
_aSALARIOS _9981 |
||
| 650 |
_aCONTRATOS DE TRABAJO _98512 |
||
| 650 |
_aARCHIVO _93521 |
||
| 942 | _cBK | ||
| 999 |
_c9306 _d9306 |
||